Plus grandes villes de France sans la lettre S - Statistiques

Statistiques générales
  • Ce quiz a été pris 144 fois
  • Le résultat moyen est 13 sur 20
Statistiques - réponses
Population Ville % Correct
520.774 Lyon
99%
265.328 Bordeaux
97%
238.695 Lille
95%
307.101 Montpellier
86%
353.701 Nice
86%
156.389 Grenoble
77%
121.265 Metz
76%
108.398 Caen
75%
116.331 Rouen
75%
159.941 Dijon
74%
166.462 Le Havre
74%
180.834 Toulon
74%
147.751 Clermont-Ferrand
71%
120.996 Perpignan
65%
131.272 Annecy
53%
147.933 Aix-en-Provence
48%
162.207 Villeurbanne
43%
120.025 Boulogne-Billancourt
28%
107.135 Argenteuil
26%
110.758 Montreuil
26%
Aucun quiz correspondant
Distribution des résultats
% des personnes avec chaque résultat
Percentile par nombre de réponses
Votre historique - résultats
Vous n’avez pas pris ce quiz